[Event "Perm op 08-B"]
[Site "Perm"]
[Date "2007.08.16"]
[Round "2"]
[White "Chizha, Olga"]
[Black "Tsapalin, Sergey"]
[Result "1/2-1/2"]
[WhiteElo "2317"]
[BlackElo "2144"]
[PlyCount "58"]
[EventDate "2007.08.15"]
[EventType "swiss"]
[EventRounds "7"]
[EventCountry "RUS"]
[SourceTitle "EXT 2022"]
[Source "ChessBase"]
[SourceDate "2021.10.06"]
[SourceVersion "1"]
[SourceVersionDate "2021.10.06"]
[SourceQuality "1"]

1. e4 c5 2. Nf3 Nc6 3. d4 cxd4 4. Nxd4 Qb6 5. Nb3 Nf6 6. Be3 Qc7 7. Nc3 g6 8. Qd2 Bg7 9. f3 0-0 10. g4 Ne5 11. Be2 Nc4 12. Bxc4 Qxc4 13. 0-0-0 d6 14. h4 Be6 15. h5 Rfc8 16. hxg6 fxg6 17. Bh6 Bh8 18. Rh2 Nd7 19. Bg5 Bxc3 20. bxc3 Ne5 21. Rh3 Qa4 22. Kb1 Nc4 23. Qd4 Na3+ 24. Kb2 Rc4 25. Qf2 Nb5 26. Bd2 Qa3+ 27. Kb1 Ra4 28. Qh4 Qxa2+ 29. Kc1 Qa3+ 1/2-1/2